| 000 -LEADER |
| fixed length control field |
00765cam a2200193Ia 4500 |
| 020 ## - INTERNATIONAL STANDARD BOOK NUMBER |
| ISBN |
0949511188 |
| 040 ## - CATALOGING SOURCE |
| Transcribing agency |
DJB |
| 082 00 - DEWEY DECIMAL CLASSIFICATION NUMBER |
| Classification number |
630 AUS 1985 A039 Or. |
| 245 00 - TITLE STATEMENT |
| Title |
Agricultural systems research for developing countries : |
| Remainder of title |
proceedings of an international workshop held at Hawkesbury Agricultural College, Richmond, N.S.W., Australia / |
| 260 ## - PUBLICATION, DISTRIBUTION, ETC. (IMPRINT) |
| Place of publication |
Canberra : |
| Name of publisher |
Australian Centre for International Agricultural Research, |
| Year of publication |
1985 |
| 300 ## - PHYSICAL DESCRIPTION |
| Number of Pages |
189 p. : |
| Other physical details |
ill. ; |
| Dimensions |
24 cm |
| 500 ## - GENERAL NOTE |
| General note |
"Workshop coordinating committee: J. Brian Hardaker ... [et al.]." |
| 650 #0 - SUBJECT ADDED ENTRY--TOPICAL TERM |
| Topical Term |
Agriculture |
| 650 #0 - SUBJECT ADDED ENTRY--TOPICAL TERM |
| Topical Term |
Agricultural systems |
| 650 #0 - SUBJECT ADDED ENTRY--TOPICAL TERM |
| Topical Term |
Agriculture |
| 650 #0 - SUBJECT ADDED ENTRY--TOPICAL TERM |
| Topical Term |
Agricultural systems |
| 710 2# - ADDED ENTRY--CORPORATE NAME |
| Corporate name or jurisdiction name as entry element |
Australian Centre for International Agricultural Research |
| 942 ## - ADDED ENTRY ELEMENTS (KOHA) |
| Koha item type |
សៀវភៅភាសាអង់គ្លេស |
| 952 ## - LOCATION AND ITEM INFORMATION (KOHA) |
| Withdrawn status [LOCAL, KOHA] |
0 |